Speeches at the agricultural meeting at Drayton Manor (Record no. 113891)

MARC details
000 -LEADER
fixed length control field 00623cam a22001815a 4500
001 - CONTROL NUMBER
control field L155879
008 - FIXED-LENGTH DATA ELEMENTS--GENERAL INFORMATION
fixed length control field 120418s1847 xxk f 000 0 eng d
035 ## - SYSTEM CONTROL NUMBER
System control number (Sirsi) u155879
041 0# - LANGUAGE CODE
Language code of text/sound track or separate title eng
245 00 - TITLE STATEMENT
Title Speeches at the agricultural meeting at Drayton Manor
260 ## - PUBLICATION, DISTRIBUTION, ETC.
Place of publication, distribution, etc. London
Name of publisher, distributor, etc. Published at the Office of the "Gardener's chronicle"
Date of publication, distribution, etc. [1847]
300 ## - PHYSICAL DESCRIPTION
Extent 16 p.
Dimensions 18 cm.
520 ## - SUMMARY, ETC.
Summary, etc. "Reprinted from the 'Gardener's chronicle and agricultural gazette,' of October 11, 1847.".
583 ## - ACTION NOTE
Action Condition reviewed
Time/date of action 20120620
Status condition level 2
651 #4 - SUBJECT ADDED ENTRY--GEOGRAPHIC NAME
Geographic name Great Britain
Chronological subdivision 1707-
690 ## - LOCAL SUBJECT ADDED ENTRY--TOPICAL TERM (OCLC, RLIN)
Topical term or geographic name as entry element Rural
9 (RLIN) 6268
942 ## - ADDED ENTRY ELEMENTS (KOHA)
Suppress in OPAC 0
Holdings
Withdrawn status Lost status Damaged status Not for loan Home library Current library Shelving location Date acquired Total Checkouts Full call number Barcode Date last seen Copy number Price effective from Koha item type
        Historic collection Historic collection Historic collection 18/04/2012   AGRICULTURE OCTAVO 1847 SPEECHES 30076771 20/08/2025 1 06/08/2019 Book